000 00387nam a2200145Ia 4500
008 240624s9999 xx 000 0 und d
041 _aeng
082 _a320 RAW
100 _aRAWLS
245 _aJUSTICE AS FAIRNESS A RESTETEMENT
250 _a(Second Indian Reprint ed.)
260 _c2011
_aNew Delhi
_bUniversal Law Publishing Co. Pvt.Ltd.
300 _a232 : p.
365 _cRS
_b25
999 _c21852
_d21852